000
00275nam a22001337a 4500
020
_a
978-9352833962
041
_a
ENG
100
_a
Khurmi
245
_a
ATextbook of Engineerng Mechanics
260
_a
Delhi
_b
S. Chand
_c
1967
300
_a
840
650
_a
FS
856
_u
FS
999
_c
314
_d
314